Top 5 countries with the highest taxes - Statistics

General Stats
  • This quiz has been taken 41 times
  • The average score is 3 of 5
Answer Stats
How much of % Answer % Correct
36.1% Denmark
87%
34.9% Austria
79%
39.7% Germany
77%
42% Belgium
74%
34.5% Hungary
26%
No matching quizzes found
Score Distribution
Percent of People with Each Score
Percentile by Number Answered
Your Score History
You have not taken this quiz